| 000 | 00908cam a22002773a 4500 | ||
|---|---|---|---|
| 001 | 4598 | ||
| 003 | PGUSA | ||
| 005 | 20140828083059.0 | ||
| 008 | 031001s2003||||xxu|||||s|||||000 | eng d | ||
| 040 |
_aPGUSA _beng |
||
| 042 | _adc | ||
| 050 | 4 | _aBS | |
| 050 | 4 | _aQH | |
| 100 | 1 |
_aAckland, T. S. _q(Thomas Suter), _d1817-1892 |
|
| 245 | 1 | 4 |
_aThe Story of Creation as Told By Theology and By Science _h[electronic resource] / _cT. S. Ackland |
| 260 |
_bProject Gutenberg, _c2003 |
||
| 505 | 0 | _aThe case stated -- Difficulties in geology -- Difficulties in astronomy -- Difficulties in physiology -- Science a help to interpretation. | |
| 506 | _aPublic domain in the USA. | ||
| 516 | _aElectronic text | ||
| 653 | _aBible and science | ||
| 653 | _aCreation | ||
| 653 | _aReligion and science | ||
| 830 | 0 |
_aProject Gutenberg _v4598 |
|
| 856 | 4 | 0 | _uhttp://www.gutenberg.org/ebooks/4598 |
| 942 | _cEB | ||
| 999 |
_c233927 _d233927 |
||